000 00863nam a2200253Ia 4500
003 OSt
005 20221005113336.0
006 a|||||r|||| 00| 0
007 ta
008 221004b |||||||| |||| 00| 0 pan d
020 _a9788192225807 (pbk)
_c490
024 _a15056
037 _b885, 08/09/2014, H.K. Prakashan
_cTextual
040 _aCRL
_cCRL
_bpan
041 _2pan
_apan
082 _aW.2, 153Q2
100 _aਨੰਦਾ, ਐਸ ਐਸ
245 0 _aਭਾਰਤੀ ਰਾਜਨੀਤਿਕ ਪ੍ਰਣਾਲੀ
260 _aਪਟਿਆਲਾ
_bਮਦਾਨ ਪਬਲੀFਿੰਗ ਹਾਊਸ ਭਾਰਤ
_c2012
300 _a777ਪੰ
_ccm.
650 _aਸਿਆਸੀ ਵਿਗਿਆਨ
942 _hW.2, 153Q2
_cTEXL
_2cc
999 _c1027856
_d1027856